LEADER 01225nam a2200313 a 4500 001 000000167572 003 CaOOAMICUS 005 20180508102101.0 008 180508s1991 it u000 u ita r 020 $a88-7819-048-9* 032 $aLibriCat 040 $aPUL$bita 041 1 $aita$hchi 100 0 $aMencius,$d372?-289 a.C.$0(OLS)http://pul/name/107988 245 10$aMeng-tzu /$ca cura di Fausto Tomassini ; introduzione di Lionello Lanciotti. 260 $aMilano :$bTea,$cİ1991. 300 $aXLII, 201 p. ;$c18 cm. 490 1 $aReligioni e miti ;$v105 650 4$aFilosofia orientale.$0(OLS)http://pul/subject/33449 700 1 $aLanciotti, Lionello.$0(OLS)http://pul/name/127 700 1 $aTomassini, Fausto.$0(OLS)http://pul/name/4282 830 0$aReligioni e miti ;$v105.$0(OLS)http://pul/title/70714 850 $aPUL 852 $aPUL$W1$xDP1 Fondo Dalla Palma$y117$m3 C 30$j17811$qFondi$B195213$CPULBib$Z2$F195213 $HDal2065 $81 941 1 $a1 996 $6020$a88-7819-048-9*$9(OLS)http://pul/number/163971 996 $6245$aMeng-tzu$9(OLS)http://pul/title/207653 996 $6260$aMilano :$bTea$9(OLS)http://pul/publisher/70517 LEADER 01278nam a2200301 u 4500 001 000000061671 003 CaOOAMICUS 005 20070226121041.0 008 010911s1997 it u000 u ita u 020 $a8846403789 035 $a10902325 040 $aPUL$bita 100 1 $aMusso, Paolo.$0(OLS)http://pul/name/42056 245 10$aFilosofia del caos /$cdi Paolo Musso. 260 $aMilano :$bF. Angeli,$cc1997. 300 $a259 p. ;$c22 cm 490 1 $aEpistemologia ;$v58 504 $aContiene indicazioni bibliografiche. 650 4$aCaso (filosofia).$0(OLS)http://pul/subject/23532 830 0$aEpistemologia (F. Angeli) ;$v58.$0(OLS)http://pul/title/55778 850 $aPUL 852 $aPUL$W1$xDP2 Cons. Gen., Altre Classi 3$y97$m501 MUSPA 1$j176896$nBK-PRI$a 2copia$q$DDC 21$B80307$CPULBib$Z2$F80307 $H85215 $81 852 $aPUL$W1$xSL Cons. Gen., Altre Classi 3$y75$m501 MUSPA 2$j202444$qDDC 21$B207844$CPULBib$Z2$F207844 $H138558 $82 941 1 $a9 961 $aprecedente collocazione: Fil 142 996 $6020$a8846403789$9(OLS)http://pul/number/79911 996 $6245$aFilosofia del caos$9(OLS)http://pul/title/82334 996 $6260$aMilano :$bF. Angeli$9(OLS)http://pul/publisher/48323